00725cam a22002053a 450000100060000000300060000600500170001200800410002904000150007004200070008505000070009210000530009924501800015226000290033250600300036151600200039165300370041183000290044885600420047712892PGUSA20140828083258.0040712s2004||||xxu|||||s|||||000 | eng d aPGUSAbeng adc 4aBF1 aMead, G. R. S.q(George Robert Stow),d1863-193310aSimon Magus :bAn Essay on the Founder of Simonianism Based on the Ancient Sources With a Re-Evaluation of His Philosophy and Teachingsh[electronic resource] /cG. R. S. Mead bProject Gutenberg,c2004 aPublic domain in the USA. aElectronic text aSimon, Magus, active 1st century 0aProject Gutenbergv1289240uhttp://www.gutenberg.org/ebooks/12892